[Event "C.to Europeo U14"]
[Site "Urgup TUR"]
[Date "2004.08.07"]
[Round "9"]
[White "Bonafede, Alessandro"]
[Black "Spoelman, Wouter"]
[Result "1-0"]
[WhiteElo "2107"]
[BlackElo "2277"]
[PlyCount "57"]
[EventDate "2004.07.29"]

1. e4 c5 2. Nf3 d6 3. d4 cxd4 4. Qxd4 Nc6 5. Bb5 Qd7 6. Bxc6 bxc6 7. O-O e5 8.
Qd3 Qc7 9. c4 Ba6 10. Nc3 Rd8 11. Rd1 Ne7 12. b4 c5 13. b5 Bb7 14. b6 Qxb6 15.
Rb1 Qc6 16. Nxe5 Qc8 17. Nf3 Nc6 18. Nd5 Be7 19. Bb2 O-O 20. Qc3 f6 21. Nh4
Rfe8 22. Nf5 Bf8 23. Qg3 Kf7 24. Qh4 Ne5 25. Qxh7 Bxd5 26. Rxd5 Rd7 27. f4 Qa6
28. fxe5 Qxa2 29. Rdd1 1-0

[Event "C.to Europeo U10"]
[Site "Urgup TUR"]
[Date "2004.08.06"]
[Round "8"]
[White "Testa, Adriano"]
[Black "Dimitrijevic, Radmilo"]
[Result "1/2-1/2"]
[WhiteElo "1512"]
[BlackElo "1919"]
[PlyCount "63"]
[EventDate "2004.07.29"]

1. e4 e5 2. Nf3 Nc6 3. Bc4 Bc5 4. c3 Nf6 5. d3 O-O 6. O-O d6 7. Bb3 a6 8. Bg5
h6 9. Bh4 Ba7 10. Re1 Be6 11. Bc2 Qe7 12. d4 Bg4 13. d5 Nb8 14. c4 g5 15. Bg3
Nh5 16. Nc3 Qf6 17. Rc1 Nd7 18. a3 Bd4 19. Bb1 Nc5 20. b4 Bxf3 21. Qxf3 Qxf3
22. gxf3 Nb3 23. Rc2 Nd2 24. Kg2 Nb3 25. Ne2 Ba7 26. Ba2 Nd4 27. Nxd4 Bxd4 28.
c5 a5 29. cxd6 cxd6 30. b5 a4 31. b6 Rac8 32. Rec1 1/2-1/2

[Event "C.to Europeo U18 femminile"]
[Site "Urgup TUR"]
[Date "2004.07.29"]
[Round "1"]
[White "Matta, Francesca"]
[Black "Pambalou, Fotini"]
[Result "1-0"]
[WhiteElo "1772"]
[BlackElo "2088"]
[PlyCount "85"]
[EventDate "2004.07.29"]

1. e4 c5 2. Nc3 Nc6 3. g3 e6 4. Bg2 g6 5. d3 Bg7 6. f4 Nge7 7. Nf3 d6 8. O-O
O-O 9. Be3 Nd4 10. Rb1 Rb8 11. Ne2 e5 12. Nfxd4 exd4 13. Bd2 d5 14. h3 dxe4 15.
dxe4 f5 16. e5 b5 17. b3 Be6 18. Bc1 Nd5 19. Qd3 Nb4 20. Qd2 Nxa2 21. Ra1 Nxc1
22. Rfxc1 Rf7 23. Ra6 Bd5 24. Rd6 Rd7 25. Bxd5+ Kf8 26. Rxd7 Qxd7 27. Bg2 a6
28. Rd1 b4 29. Ra1 Rb6 30. Qd3 Qb5 31. Qxb5 axb5 32. Bd5 Bh6 33. Ra8+ Ke7 34.
Ra7+ Kf8 35. Nc1 Ke8 36. Nd3 c4 37. bxc4 bxc4 38. Bxc4 g5 39. e6 gxf4 40. gxf4
Rb8 41. Rxh7 Bf8 42. Ne5 Rb6 43. Rh8 1-0

[Event "C.to Europeo U18 femminile"]
[Site "Urgup TUR"]
[Date "2004.07.30"]
[Round "2"]
[White "Aghabekian, Liana"]
[Black "Matta, Francesca"]
[Result "1-0"]
[WhiteElo "2179"]
[BlackElo "1772"]
[PlyCount "90"]
[EventDate "2004.07.29"]

1. e4 d5 2. exd5 Qxd5 3. Nc3 Qa5 4. Bc4 Nf6 5. d4 c6 6. Nf3 Bg4 7. Bd2 Qc7 8.
Qe2 e6 9. O-O-O Nbd7 10. h3 Bh5 11. g4 Bg6 12. Bxe6 fxe6 13. Qxe6+ Be7 14. Rhe1
Nb6 15. Ng5 h6 16. Nge4 Kd8 17. d5 cxd5 18. Nxf6 Bxf6 19. Be3 Re8 20. Bxb6 Rxe6
21. Bxc7+ Kd7 22. Rxe6 Kxe6 23. Nxd5 Be8 24. Nxf6 Kxf6 25. f4 Rc8 26. Be5+ Kf7
27. b3 Bc6 28. c4 a6 29. Kb2 Rg8 30. Kc3 Ke7 31. b4 g6 32. Kb3 Bg2 33. Rd3 Bf1
34. Rf3 Bg2 35. Rg3 Bc6 36. a4 Rd8 37. b5 axb5 38. axb5 Be4 39. Kc3 Bb1 40. c5
Rd1 41. Bd6+ Kf6 42. Re3 Ba2 43. Re7 Rh1 44. Rxb7 Rxh3+ 45. Kd4 Rh4 1-0

[Event "C.to Europeo U18 femminile"]
[Site "Urgup TUR"]
[Date "2004.07.31"]
[Round "3"]
[White "Matta, Francesca"]
[Black "Pertlova, Sona"]
[Result "0-1"]
[WhiteElo "1772"]
[BlackElo "2098"]
[PlyCount "74"]
[EventDate "2004.07.29"]

1. e4 d5 2. exd5 Nf6 3. d4 Nxd5 4. c4 Nb6 5. Nf3 Bg4 6. Be2 e6 7. O-O Nc6 8.
Nc3 Be7 9. d5 exd5 10. cxd5 Bxf3 11. Bxf3 Ne5 12. Be4 O-O 13. Qc2 h6 14. b3 a6
15. Bb2 Bd6 16. Rad1 Nbd7 17. f4 Ng4 18. Bc1 Bc5+ 19. Kh1 Nxh2 20. Na4 Nxf1 21.
Nxc5 Nxc5 22. Rxf1 Nxe4 23. Qxe4 Re8 24. Qf3 Re1 25. Kg1 Rxf1+ 26. Kxf1 Qh4 27.
g3 Qh2 28. f5 Qc2 29. Be3 Qd3+ 30. Kf2 Re8 31. g4 Qc2+ 32. Kg3 Qxa2 33. Bd4 Qd2
34. Bc3 Qe3 35. f6 Qg1+ 36. Kf4 Qh2+ 37. Qg3 g5+ 0-1

[Event "C.to Europeo U16 femminile"]
[Site "Urgup TUR"]
[Date "2004.07.29"]
[Round "1"]
[White "Benmesbah, Natacha"]
[Black "Panella, Fiammetta"]
[Result "1/2-1/2"]
[WhiteElo "2068"]
[BlackElo "1954"]
[PlyCount "102"]
[EventDate "2004.07.29"]

1. e4 c5 2. b3 Nc6 3. Bb2 e6 4. Nf3 d6 5. Bb5 Nf6 6. Bxc6+ bxc6 7. e5 Nd7 8.
exd6 Bxd6 9. O-O O-O 10. Re1 Re8 11. Na3 Ba6 12. d3 Qc7 13. h3 e5 14. Nh4 Re6
15. f4 exf4 16. Rxe6 fxe6 17. Qg4 e5 18. Qe6+ Kh8 19. Nf5 Bf8 20. Re1 g6 21.
Ne7 Bg7 22. Nxc6 Nf8 23. Qd5 Bb7 24. Bxe5 Qxc6 25. Bxg7+ Kxg7 26. Qxc6 Bxc6 27.
Re7+ Kf6 28. Rc7 Bd7 29. Rxc5 Rc8 30. Ra5 Rc7 31. Nc4 Ne6 32. Nd6 Rxc2 33. Ne4+
Ke7 34. Rxa7 Re2 35. Kf1 Re3 36. Nf6 Rxd3 37. Nxh7 Kf7 38. Ke2 Rd5 39. h4 Ke7
40. Kf3 Rc5 41. b4 Rb5 42. a3 Kd6 43. Ra6+ Bc6+ 44. Kg4 Kc7 45. Ra7+ Bb7 46.
Nf6 Kb6 47. Ra5 Bxg2 48. Nd7+ Kc6 49. Ne5+ Kb6 50. Nd7+ Kc6 51. Ne5+ Kb6
1/2-1/2

[Event "C.to Europeo U16 femminile"]
[Site "Urgup TUR"]
[Date "2004.07.31"]
[Round "3"]
[White "Choisy, Mathilde"]
[Black "Panella, Fiammetta"]
[Result "1/2-1/2"]
[WhiteElo "2071"]
[BlackElo "1954"]
[PlyCount "107"]
[EventDate "2004.07.29"]

1. e4 c5 2. Nf3 e6 3. d4 cxd4 4. Nxd4 a6 5. Nc3 Qc7 6. Bd3 Nf6 7. O-O b5 8. Kh1
Bb7 9. a3 d5 10. Qe1 dxe4 11. Nxe4 Be7 12. Bd2 Nc6 13. Nxc6 Qxc6 14. f3 O-O 15.
Qg3 Rfd8 16. Bc3 Ne8 17. f4 f5 18. Ng5 Bf6 19. Bxf6 Nxf6 20. Rae1 Rd6 21. Nf3
Rad8 22. Ne5 Qc7 23. Re2 Ne4 24. Bxe4 Bxe4 25. c3 Rd2 26. Qf2 Qd6 27. h3 g5 28.
Rxd2 Qxd2 29. fxg5 Qxg5 30. Nf3 Qf4 31. Nd4 Qxf2 32. Rxf2 Kf7 33. Kg1 Kf6 34.
g4 Ke5 35. gxf5 exf5 36. Kf1 Rg8 37. Ke2 Rg3 38. h4 f4 39. h5 Rh3 40. Nf3+
Bxf3+ 41. Rxf3 Rxh5 42. Kd3 Rg5 43. Rf1 Rg8 44. Kc2 f3 45. Kd3 Kf4 46. a4 Rg2
47. axb5 axb5 48. b3 h5 49. c4 bxc4+ 50. bxc4 h4 51. c5 Rg6 52. Rh1 h3 53. Rxh3
f2 54. Ke2 1/2-1/2

[Event "C.to Europeo U16 femminile"]
[Site "Urgup TUR"]
[Date "2004.08.01"]
[Round "4"]
[White "Panella, Fiammetta"]
[Black "Congiu, Mathilde"]
[Result "0-1"]
[WhiteElo "1954"]
[BlackElo "2105"]
[PlyCount "46"]
[EventDate "2004.07.29"]

1. e4 e6 2. d3 d5 3. Nd2 Nf6 4. Ngf3 Nc6 5. g3 Bc5 6. Bg2 dxe4 7. dxe4 O-O 8.
O-O e5 9. c3 a5 10. Qc2 b6 11. Nb3 Bd6 12. a4 h6 13. h3 Be6 14. Nh4 Qd7 15. Kh2
Ne7 16. Be3 g5 17. Nf3 g4 18. Nh4 gxh3 19. Bf3 Bg4 20. Bh1 Kh7 21. f4 Bd1 22.
Qxd1 Ng4+ 23. Kg1 h2+ 0-1

[Event "C.to Europeo U16 femminile"]
[Site "Urgup TUR"]
[Date "2004.08.02"]
[Round "5"]
[White "Majdan, Joanna"]
[Black "Panella, Fiammetta"]
[Result "1-0"]
[WhiteElo "2211"]
[BlackElo "1954"]
[PlyCount "45"]
[EventDate "2004.07.29"]

1. e4 c5 2. Nf3 e6 3. d4 cxd4 4. Nxd4 a6 5. Bd3 Nf6 6. O-O Qc7 7. Qe2 d6 8. c4
Be7 9. Nc3 Nbd7 10. b3 b6 11. Bb2 Bb7 12. Rad1 h5 13. Bc2 g5 14. Rd2 Ng4 15.
Ndb5 axb5 16. Nxb5 Qb8 17. Bxh8 Rxa2 18. e5 Be4 19. exd6 Bd8 20. Rc1 Nc5 21.
Bc3 Rxc2 22. Rcxc2 Qb7 23. d7+ 1-0

[Event "III Weekend Scacchi tra le Torri A"]
[Site "Melegnano ITA"]
[Date "2004.02.13"]
[Round "1"]
[White "Barberi, Alessandro"]
[Black "Bellotto, Stefano"]
[Result "1-0"]
[WhiteElo "2142"]
[BlackElo "1803"]
[PlyCount "59"]
[EventDate "2004.02.13"]

1.d4 d6 2.c4 f5 3.g3 Nf6 4.Bg2 g6 5.Nc3 Bg7 6.Nf3 O-O 7.O-O Qe8 8.d5 a5 9.
Nd4 Bd7 10.b3 Na6 11.Bb2 Rb8 12.Qd2 c6 13.e4 fxe4 14.Nxe4 Nxe4 15.Bxe4 Bh3
16.Rfe1 Nc5 17.Bh1 Rc8 18.Re2 Bg4 19.f3 Bd7 20.Rae1 Rf7 21.Bc3 cxd5 22.
cxd5 b6 23.f4 Bf6 24.Nc6 Qf8 25.Bxf6 exf6 26.Ne7+ Rxe7 27.Rxe7 Bf5 28.Bf3 
Nd3 29.R1e3 Rc1+ 30.Kg2 1-0

[Event "III Weekend Scacchi tra le Torri A"]
[Site "Melegnano ITA"]
[Date "2004.02.13"]
[Round "1"]
[White "Bonade', Massimo"]
[Black "Aranovitch, Emiliano"]
[Result "0-1"]
[WhiteElo "2044"]
[BlackElo "2300"]
[PlyCount "110"]
[EventDate "2004.02.13"]

1.d4 Nf6 2.c4 c5 3.d5 g6 4.Nc3 Bg7 5.Nf3 d6 6.g3 O-O 7.Bg2 e6 8.O-O exd5 
9.cxd5 Na6 10.Nd2 Nc7 11.a4 b6 12.Nc4 Ba6 13.Na3 Nd7 14.Re1 Re8 15.e4 Ne5 
16.Nab5 Nxb5 17.axb5 Bc8 18.Bf4 g5 19.Bxe5 Bxe5 20.Qh5 Qf6 21.Ra3 Bd4 22.
Qf3 Qxf3 23.Bxf3 Bd7 24.Rea1 Bxc3 25.bxc3 Bxb5 26.Rxa7 Rxa7 27.Rxa7 g4 28.
Bxg4 Rxe4 29.Bh5 Re1+ 30.Kg2 Bf1+ 31.Kf3 Be2+ 32.Kf4 Bxh5 33.Rd7 Bg6 34.
Rxd6 Re4+ 35.Kf3 Rc4 36.Rxb6 Rxc3+ 37.Kf4 Rd3 38.d6 c4 39.Ke5 c3 40.Kf6 h5
41.Ke7 Bf5 42.Rc6 Kg7 43.Rc5 Kg6 44.Rc6 f6 45.Rc5 Rf3 46.d7 Bxd7 47.Kxd7 
Rxf2 48.Rxc3 Rxh2 49.Re3 Rh3 50.Ke6 h4 51.Rf3 hxg3 52.Rxf6+ Kg5 53.Rf3 
Rh6+ 54.Ke5 g2 55.Rf5+ Kg6 0-1

[Event "III Weekend Scacchi tra le Torri A"]
[Site "Melegnano ITA"]
[Date "2004.02.13"]
[Round "1"]
[White "Cardini, Saverio"]
[Black "Montani, Francesco"]
[Result "0-1"]
[WhiteElo "1896"]
[BlackElo "2201"]
[PlyCount "82"]
[EventDate "2004.02.13"]

1.d4 Nf6 2.Nf3 d6 3.Bf4 Nh5 4.Bg5 h6 5.Bh4 g5 6.Bg3 Bg7 7.e3 c5 8.c3 Qb6 
9.Qc2 Nc6 10.Bd3 Be6 11.Nbd2 Rc8 12.Bf5 Bxf5 13.Qxf5 e6 14.Qc2 Nxg3 15.
hxg3 cxd4 16.cxd4 Ke7 17.Qa4 g4 18.Nh4 Nb4 19.O-O Rc2 20.Rfd1 Rhc8 21.d5 
Nxd5 22.Qxg4 Bxb2 23.Qh5 Bg7 24.Ne4 Qb4 25.Qg4 Nc3 26.Qxg7 Qxe4 27.Re1 Re2
28.Rec1 Rc2 29.Re1 Rc4 30.f3 Qd3 31.Qxh6 Nd5 32.e4 Qd4+ 33.Kh2 Nf6 34.Nf5+
exf5 35.exf5+ Kd7 36.Qf8 Nd5 37.Qxf7+ Kc6 38.Qe8+ Kb6 39.Qd8+ Kc6 40.Qe8+ 
Kc7 41.Qf8 Rc6 0-1

[Event "III Weekend Scacchi tra le Torri A"]
[Site "Melegnano ITA"]
[Date "2004.02.13"]
[Round "1"]
[White "Cartella, Giovanni"]
[Black "Rosin, Federico"]
[Result "0-1"]
[WhiteElo "1812"]
[BlackElo "2137"]
[PlyCount "86"]
[EventDate "2004.02.13"]

1.d4 d5 2.Nf3 e6 3.Bf4 Bd6 4.Bg3 Nf6 5.Nbd2 O-O 6.e3 b6 7.Bd3 c5 8.c3 Ba6 
9.Bc2 Nc6 10.Ne5 Qc7 11.Ndf3 Ne4 12.Nxc6 Qxc6 13.Be5 f6 14.Bxd6 Qxd6 15.
Bd3 Bxd3 16.Qxd3 c4 17.Qc2 b5 18.Nd2 Nxd2 19.Qxd2 a5 20.O-O Rab8 21.Rfe1 
b4 22.e4 Rb6 23.Re2 bxc3 24.bxc3 Rfb8 25.Rae1 a4 26.exd5 Qxd5 27.f3 a3 28.
Qe3 Rb2 29.Qxe6+ Qxe6 30.Rxe6 Rxa2 31.Re8+ Rxe8 32.Rxe8+ Kf7 33.Rc8 Ra1+ 
34.Kf2 Rc1 35.Ra8 Rxc3 36.Ke2 Rc2+ 37.Kd1 Rxg2 38.Rxa3 Rxh2 39.Rc3 Ke6 40.
Rxc4 h5 41.Rc5 g5 42.Ke1 h4 43.Ra5 Rb2 0-1

[Event "III Weekend Scacchi tra le Torri A"]
[Site "Melegnano ITA"]
[Date "2004.02.13"]
[Round "1"]
[White "Dassisti, Alberto"]
[Black "Pelizzola, Danilo"]
[Result "1-0"]
[WhiteElo "1783"]
[BlackElo "2125"]
[PlyCount "141"]
[EventDate "2004.02.13"]

1.e4 c5 2.Nc3 Nc6 3.g3 d6 4.Bg2 Nf6 5.d3 g6 6.Nce2 Bg7 7.c3 O-O 8.f4 e5 9.
Nf3 Qc7 10.O-O Bd7 11.Nh4 exf4 12.Bxf4 Nh5 13.Be3 Bg4 14.Qd2 Rae8 15.Nf4 
Nxf4 16.Bxf4 Qd7 17.Bh6 Re5 18.Bxg7 Kxg7 19.d4 Ree8 20.Nf5+ Bxf5 21.exf5 
Qd8 22.f6+ Kh8 23.Qh6 Rg8 24.Rf4 g5 25.Be4 Rxe4 26.Rxe4 d5 27.Re2 cxd4 28.
Rae1 d3 29.Re8 d2 30.Rxg8+ Qxg8 31.Rd1 Ne5 32.h3 g4 33.hxg4 Nxg4 34.Qg7+ 
Qxg7 35.fxg7+ Kxg7 36.Rxd2 Nf6 37.Kg2 Kg6 38.Re2 Nd7 39.Kf3 Kf6 40.Kf4 Nc5
41.g4 Ne6+ 42.Kg3 Nc5 43.Kf3 Ne6 44.Ke3 Ke5 45.Rf2 Nd8 46.Rf5+ Kd6 47.Rh5 
Nc6 48.Rxh7 Ke6 49.Rh6+ Ke7 50.Kf4 Na5 51.b3 Nc6 52.g5 d4 53.Rxc6 bxc6 54.
cxd4 Ke6 55.Ke4 Kd6 56.Kf5 Ke7 57.Ke5 Kd7 58.Kf6 Ke8 59.Ke5 Ke7 60.b4 Kd7 
61.d5 cxd5 62.Kxd5 Kc7 63.a4 Kd7 64.b5 Kc7 65.a5 Kd7 66.Ke5 Ke7 67.b6 axb6
68.axb6 Kf8 69.Kf6 Kg8 70.b7 Kh7 71.Kxf7 1-0

[Event "III Weekend Scacchi tra le Torri A"]
[Site "Melegnano ITA"]
[Date "2004.02.13"]
[Round "1"]
[White "De Santis, Alessio"]
[Black "Dallaglio, Giovanni"]
[Result "1/2-1/2"]
[WhiteElo "2283"]
[BlackElo "2023"]
[PlyCount "41"]
[EventDate "2004.02.13"]

1.d4 d5 2.c4 dxc4 3.e4 Nf6 4.Nc3 e6 5.Bxc4 Be7 6.Be3 O-O 7.f3 a6 8.Qc2 c5 
9.dxc5 Qa5 10.Qa4 Qc7 11.b4 b6 12.Nge2 Bb7 13.Rb1 Nbd7 14.Qb3 bxc5 15.b5 
axb5 16.Nxb5 Qa5+ 17.Bd2 Qa6 18.Bc3 Qc6 19.Nf4 Nb6 20.Nd3 Nfd7 21.Nb2 
1/2-1/2

[Event "III Weekend Scacchi tra le Torri A"]
[Site "Melegnano ITA"]
[Date "2004.02.13"]
[Round "1"]
[White "Laketic, Gojko"]
[Black "Manzoni, Alessandro"]
[Result "1-0"]
[WhiteElo "2407"]
[BlackElo "2045"]
[PlyCount "101"]
[EventDate "2004.02.13"]

1.d4 d5 2.c4 c6 3.Nf3 Nd7 4.cxd5 cxd5 5.Nc3 e6 6.Bf4 Qb6 7.Qc2 Ngf6 8.e3 
Bb4 9.Bd3 a6 10.O-O O-O 11.a3 Be7 12.Ne5 Qd8 13.Rac1 h6 14.Qe2 Nxe5 15.
dxe5 Nh7 16.Rfd1 Bd7 17.Bxh7+ Kxh7 18.e4 Bg5 19.exd5 Bxf4 20.Qe4+ Kh8 21.
Qxf4 exd5 22.Rxd5 Qe7 23.Rd6 Bc6 24.Nd5 Bxd5 25.Rxd5 Rad8 26.Rd6 Rfe8 27.
g3 Kg8 28.Rcd1 Rxd6 29.exd6 Qe2 30.Qc1 Kh7 31.d7 Rd8 32.Rd2 Qe6 33.Qc2+ g6
34.Qd3 h5 35.h4 f5 36.Qe3 Qxe3 37.fxe3 Kg7 38.Kf2 Kf7 39.Kf3 Ke7 40.Kf4 
Kf7 41.Ke5 Ke7 42.Rd6 Kf7 43.Rf6+ Kg7 44.Rd6 Kf7 45.a4 Ke7 46.Re6+ Kf7 47.
Kd6 b5 48.Re7+ Kf8 49.a5 b4 50.Re5 Ra8 51.Rc5 1-0

[Event "III Weekend Scacchi tra le Torri A"]
[Site "Melegnano ITA"]
[Date "2004.02.13"]
[Round "1"]
[White "Lanzani, Giuliano"]
[Black "Miladinovic, Igor"]
[Result "0-1"]
[WhiteElo "2067"]
[BlackElo "2602"]
[PlyCount "54"]
[EventDate "2004.02.13"]

1.e4 c5 2.Nc3 Nc6 3.g3 g6 4.Bg2 Bg7 5.Nge2 d6 6.d3 b6 7.Be3 Bb7 8.Qd2 Qd7 
9.O-O Nd4 10.Rab1 h5 11.Bxd4 cxd4 12.Nd1 d5 13.f4 dxe4 14.dxe4 Rd8 15.Nf2 
h4 16.g4 h3 17.Bf3 e5 18.f5 gxf5 19.gxf5 Bh6 20.Qd3 Be3 21.Ng3 Nf6 22.Kh1 
Rh4 23.Rbe1 Bc6 24.Rxe3 dxe3 25.Qxe3 Qd2 26.Re1 Qxe3 27.Rxe3 Rd2 0-1

[Event "III Weekend Scacchi tra le Torri A"]
[Site "Melegnano ITA"]
[Date "2004.02.13"]
[Round "1"]
[White "Lazic, Miroljub"]
[Black "Pace, Roberto"]
[Result "1-0"]
[WhiteElo "2477"]
[BlackElo "2063"]
[PlyCount "53"]
[EventDate "2004.02.13"]

1.e4 c5 2.c3 d5 3.exd5 Qxd5 4.d4 Nf6 5.Nf3 e6 6.Na3 cxd4 7.Nb5 Na6 8.Nbxd4
Be7 9.Bb5+ Bd7 10.Qe2 O-O 11.O-O Bxb5 12.Nxb5 Qc6 13.Re1 Nc5 14.Bg5 a5 15.
Ne5 Qc8 16.Rad1 Ra6 17.Rd4 a4 18.Red1 h6 19.Bf4 g5 20.Bg3 Nd5 21.Ng4 h5 
22.Nh6+ Kg7 23.Qxh5 f5 24.Be5+ Bf6 25.Qxg5+ Kh7 26.Bxf6 Rxf6 27.Rh4 1-0

[Event "III Weekend Scacchi tra le Torri A"]
[Site "Melegnano ITA"]
[Date "2004.02.13"]
[Round "1"]
[White "Martino, Antonio M."]
[Black "Nieus, Thierry"]
[Result "1/2-1/2"]
[WhiteElo "1968"]
[BlackElo "2252"]
[PlyCount "60"]
[EventDate "2004.02.13"]

1.c4 e6 2.Nc3 d5 3.d4 c5 4.cxd5 exd5 5.g3 Nc6 6.Bg2 cxd4 7.Nxd5 Be6 8.Nf4 
Nf6 9.Nf3 Bf5 10.O-O Bc5 11.Nd3 Bb6 12.Nfe5 Be4 13.Nxc6 bxc6 14.Bxe4 Nxe4 
15.Qc2 Rc8 16.b4 O-O 17.Nc5 Bxc5 18.bxc5 Re8 19.Bb2 Qd5 20.Rad1 Ng5 21.h4 
Ne6 22.e3 Qxa2 23.Ra1 Qd5 24.Bxd4 Nxd4 25.exd4 Re7 26.Ra4 Rce8 27.Qa2 Qf3 
28.Ra3 Qe4 29.Rxa7 Rxa7 30.Qxa7 Qxd4 1/2-1/2

[Event "III Weekend Scacchi tra le Torri A"]
[Site "Melegnano ITA"]
[Date "2004.02.13"]
[Round "1"]
[White "Mazzariol, Oscar"]
[Black "Nardone, Massimo"]
[Result "1-0"]
[WhiteElo "2077"]
[BlackElo "1752"]
[PlyCount "39"]
[EventDate "2004.02.13"]

1.d4 f5 2.Nc3 Nf6 3.f3 d6 4.Bg5 Nbd7 5.e4 fxe4 6.fxe4 e5 7.Nf3 Be7 8.Bc4 
Ng4 9.Qd2 h6 10.Bxe7 Qxe7 11.Nd5 Qd8 12.O-O-O exd4 13.Qxd4 Nde5 14.h3 Nxf3
15.gxf3 Nf6 16.Rhg1 Nh5 17.e5 c6 18.exd6 Qxd6 19.Qe4+ Kf8 20.Nb6 1-0

[Event "III Weekend Scacchi tra le Torri A"]
[Site "Melegnano ITA"]
[Date "2004.02.13"]
[Round "1"]
[White "Molina, Fabrizio"]
[Black "Suprani, Alessandro"]
[Result "1-0"]
[WhiteElo "2243"]
[BlackElo "1902"]
[PlyCount "63"]
[EventDate "2004.02.13"]

1.c4 c5 2.g3 g6 3.Bg2 Bg7 4.Nc3 Nf6 5.e4 d6 6.Nge2 Nc6 7.O-O O-O 8.d3 Rb8 
9.Rb1 a6 10.a3 b5 11.cxb5 axb5 12.b4 cxb4 13.axb4 Be6 14.d4 d5 15.e5 Ne8 
16.Nf4 Nc7 17.Be3 Qd7 18.h3 f6 19.exf6 Rxf6 20.Nd3 Bxh3 21.Nc5 Qc8 22.Nxd5
Nxd5 23.Bxd5+ Kh8 24.Re1 Rd6 25.Qf3 Bg4 26.Qh1 Nxd4 27.Bxd4 Bxd4 28.Rxe7 
h5 29.Qe4 Bf6 30.Qf4 Qf8 31.Rf7 Rxd5 32.Qxf6+ 1-0

[Event "III Weekend Scacchi tra le Torri A"]
[Site "Melegnano ITA"]
[Date "2004.02.13"]
[Round "1"]
[White "Murgia, Andrea"]
[Black "Scuderi, David"]
[Result "1-0"]
[WhiteElo "2138"]
[BlackElo "1831"]
[PlyCount "51"]
[EventDate "2004.02.13"]

1.e4 e6 2.d4 d5 3.Nd2 Nf6 4.e5 Nfd7 5.Bd3 c5 6.c3 Nc6 7.Ne2 Qb6 8.Nf3 cxd4
9.cxd4 Bb4+ 10.Bd2 O-O 11.O-O f6 12.exf6 Nxf6 13.Bf4 Qd8 14.Rc1 Bd6 15.Re1
Ng4 16.Bxd6 Qxd6 17.Ng3 Bd7 18.Bxh7+ Kxh7 19.Ng5+ Kg8 20.Qxg4 Rf6 21.Qh5 
Rh6 22.Nf7 Rxh5 23.Nxd6 Rh4 24.Nxb7 Kf7 25.Nc5 Ke7 26.Nf5+ 1-0

[Event "III Weekend Scacchi tra le Torri A"]
[Site "Melegnano ITA"]
[Date "2004.02.13"]
[Round "1"]
[White "Reduzzi, Maurizio"]
[Black "D'Apa, Stefano"]
[Result "1-0"]
[WhiteElo "1833"]
[BlackElo "2175"]
[PlyCount "81"]
[EventDate "2004.02.13"]

1.d4 Nf6 2.Nf3 e6 3.c4 b6 4.a3 Bb7 5.Nc3 Be7 6.d5 d6 7.e4 Nbd7 8.Bd3 a5 9.
O-O e5 10.Qc2 O-O 11.Bd2 Nc5 12.b4 Nxd3 13.Qxd3 Bc8 14.Be3 Nh5 15.Nd2 Nf4 
16.Bxf4 exf4 17.Ne2 f5 18.f3 Bf6 19.Rad1 Be5 20.b5 Qf6 21.Rfe1 g5 22.exf5 
Bxf5 23.Ne4 Qg7 24.Nd4 Bd7 25.Nc6 Rae8 26.Nxe5 Rxe5 27.Re2 Rfe8 28.Rde1 g4
29.Kh1 Qh6 30.Nc3 Qh4 31.Ne4 Bf5 32.Qd2 g3 33.h3 Kf8 34.Nc3 Bxh3 35.gxh3 
Qxh3+ 36.Kg1 g2 37.Qxf4+ Kg7 38.Qg4+ Qxg4 39.fxg4 Rxe2 40.Rxe2 Rf8 41.Kxg2
1-0

[Event "III Weekend Scacchi tra le Torri A"]
[Site "Melegnano ITA"]
[Date "2004.02.13"]
[Round "1"]
[White "Rossi, Giampiero"]
[Black "Mrdja, Milan"]
[Result "0-1"]
[WhiteElo "2048"]
[BlackElo "2413"]
[PlyCount "62"]
[EventDate "2004.02.13"]

1.d4 g6 2.c4 Bg7 3.g3 c5 4.Nf3 cxd4 5.Nxd4 Nc6 6.Nxc6 bxc6 7.Bg2 Rb8 8.Qc2
Qa5+ 9.Nd2 Nh6 10.O-O Nf5 11.Nf3 O-O 12.Rd1 c5 13.e3 d6 14.a3 Qc7 15.Rb1 
a5 16.b3 Bb7 17.Bb2 Bc6 18.Bxg7 Nxg7 19.Nd2 Bd7 20.Rb2 Rfc8 21.Rc1 Qa7 22.
Qc3 Rb6 23.Bf3 Ne6 24.Be2 Nd8 25.f4 Nc6 26.Bf3 Rcb8 27.Rcb1 Bf5 28.Be4 
Bxe4 29.Nxe4 Qd7 30.Nf2 Qe6 31.Nd1 h5 0-1

[Event "III Weekend Scacchi tra le Torri A"]
[Site "Melegnano ITA"]
[Date "2004.02.13"]
[Round "1"]
[White "Salami, Marco"]
[Black "D'Apa, Matteo"]
[Result "1-0"]
[WhiteElo "2172"]
[BlackElo "1849"]
[PlyCount "49"]
[EventDate "2004.02.13"]

1.e4 e5 2.f4 exf4 3.Nf3 Ne7 4.d4 d5 5.Nc3 dxe4 6.Nxe4 Ng6 7.h4 Be7 8.h5 
Nh4 9.Bxf4 Bg4 10.h6 gxh6 11.Qe2 Be6 12.Nxh4 Bxh4+ 13.g3 Bg5 14.O-O-O Qe7 
15.Bg2 Na6 16.d5 Bf5 17.Qb5+ Bd7 18.Qxb7 Bxf4+ 19.gxf4 Rb8 20.Qxa6 Qb4 21.
Qa3 Qb5 22.Rhe1 Kd8 23.d6 c6 24.Nc3 Qb6 25.Qb3 1-0

[Event "III Weekend Scacchi tra le Torri A"]
[Site "Melegnano ITA"]
[Date "2004.02.14"]
[Round "2"]
[White "Aranovitch, Emiliano"]
[Black "Mazzariol, Oscar"]
[Result "1-0"]
[WhiteElo "2300"]
[BlackElo "2077"]
[PlyCount "95"]
[EventDate "2004.02.13"]

1.e4 c5 2.Nf3 e6 3.g3 Qc7 4.Bg2 d6 5.O-O Nf6 6.Re1 Nc6 7.Nc3 a6 8.d4 cxd4 
9.Nxd4 Bd7 10.a4 Be7 11.Nxc6 Bxc6 12.a5 O-O 13.Be3 Nd7 14.Na4 Bxa4 15.Rxa4
Rac8 16.c3 Bf6 17.f4 Rfd8 18.Re2 Rb8 19.Kh1 Nc5 20.Ra3 Be7 21.Rd2 Qc6 22.
Rd4 b5 23.axb6 Rxb6 24.b4 Nd7 25.Rd2 Rb5 26.e5 d5 27.Bd4 a5 28.Rxa5 Rxa5 
29.bxa5 Ra8 30.Ra2 Bd8 31.Qa1 Nc5 32.Ra3 Ne4 33.a6 Bb6 34.a7 Kf8 35.Ra6 
Nc5 36.Qa3 Ke8 37.Rxb6 Qxb6 38.Qxc5 Qxc5 39.Bxc5 Kd7 40.c4 Kc6 41.Bd4 g6 
42.Kg1 Rd8 43.Kf2 Kb7 44.Ke3 Kc6 45.cxd5+ exd5 46.Kd3 Kb7 47.Bc5 Kc6 48.
Kd4 1-0

[Event "III Weekend Scacchi tra le Torri A"]
[Site "Melegnano ITA"]
[Date "2004.02.14"]
[Round "2"]
[White "Barberi, Alessandro"]
[Black "Laketic, Gojko"]
[Result "0-1"]
[WhiteElo "2142"]
[BlackElo "2407"]
[PlyCount "106"]
[EventDate "2004.02.13"]

1.d4 Nf6 2.c4 e6 3.Nf3 d5 4.e3 c5 5.cxd5 exd5 6.Be2 Nc6 7.O-O cxd4 8.exd4 
Be7 9.Nc3 O-O 10.Re1 Bf5 11.Bg5 h6 12.Bh4 Rc8 13.Ne5 Be6 14.Bf3 Re8 15.Qd2
Ne4 16.Nxe4 Bxh4 17.Nc5 Bg5 18.Qd3 Nxe5 19.Rxe5 Bf6 20.Re2 Qb6 21.Nxe6 
Rxe6 22.Bxd5 Rxe2 23.Qxe2 Bxd4 24.Qf3 Rc7 25.Re1 Qxb2 26.h4 g6 27.h5 g5 
28.Qf5 Kf8 29.g3 Qb6 30.Re2 Qf6 31.Qe4 b6 32.Kg2 Kg7 33.Qe8 Bc5 34.Qb8 Re7
35.Rxe7 Qxf2+ 36.Kh3 Bxe7 37.Qe5+ Bf6 38.Qe4 b5 39.Bb3 Bd4 40.Bc2 Qf6 41.
Qh7+ Kf8 42.Qf5 Qxf5+ 43.Bxf5 Ke7 44.Kg4 Be5 45.Bd3 b4 46.Kf3 a5 47.g4 a4 
48.Bc2 b3 49.axb3 a3 50.Bb1 f5 51.gxf5 Bd6 52.Ba2 Bb4 53.Ke4 Kf6 0-1

[Event "III Weekend Scacchi tra le Torri A"]
[Site "Melegnano ITA"]
[Date "2004.02.14"]
[Round "2"]
[White "Bellotto, Stefano"]
[Black "Rossi, Giampiero"]
[Result "1-0"]
[WhiteElo "1803"]
[BlackElo "2048"]
[PlyCount "109"]
[EventDate "2004.02.13"]

1.e4 c5 2.Nf3 e6 3.d3 Nc6 4.g3 d6 5.Bg2 Nf6 6.O-O Be7 7.Re1 O-O 8.Nbd2 Qc7
9.Nf1 Bd7 10.c3 Rfc8 11.h4 Rab8 12.Qe2 b5 13.Bf4 e5 14.Bg5 h6 15.Bxf6 Bxf6
16.Ne3 Ne7 17.Nh2 g6 18.h5 Bg7 19.Nf3 Kh7 20.Nh4 Be6 21.Nd5 Qd7 22.Qf3 Ng8
23.hxg6+ fxg6 24.Qe3 Rf8 25.Rf1 Rf7 26.b4 cxb4 27.cxb4 Bxd5 28.exd5 Bf6 
29.Be4 Bxh4 30.gxh4 Rf4 31.f3 Nf6 32.Qf2 Rf8 33.Qg3 Nxe4 34.dxe4 Qe7 35.
Rac1 Rxh4 36.Rc3 Rhf4 37.Rfc1 Qg5 38.Qxg5 hxg5 39.Rc7+ R8f7 40.Rxf7+ Rxf7 
41.Kg2 Kg7 42.Rc6 Rd7 43.Kg3 Kf6 44.Kg4 Rd8 45.Rc7 Rh8 46.Rxa7 Rh4+ 47.Kg3
Rh1 48.Rd7 Rg1+ 49.Kf2 Rb1 50.Rxd6+ Kf7 51.Re6 Rxb4 52.Rxe5 Kf6 53.Re6+ 
Kf7 54.Rb6 Rb2+ 55.Kg3 1-0